000 00402nam a2200109Ia 4500
005 20251222154407.0
008 251222s9999||||xx |||||||||||||| ||spa||
082 _a344.046.85/C28
100 _a"Carrera La Torre, BelmiraChucos Lazo, Gastón León Hinostroza, Humberto"
245 0 _aLineamientos y formatos para la formulación de los planes de manejo forestal en bosques secos de la costa
942 _cLIB
999 _c35535
_d35535